000 00781nam a2200193 i 4500
001 160237
003 ES-MaACL
005 20250819164921.0
008 931025s1888 sp |||| | spa d
040 _aAS
_bspa
_cPAB
100 1 _aMoris y Fernández Vallín, Adolfo.
_9130210
245 1 3 _aLa lucha por las nacionalidades /
_cpor Adolfo Moris y Fernández-Vallín.
250 _a2\pa\s ed.
260 _aMadrid :
_b[s.n.],
_c1888 (
_fJ. Góngora y Alvarez, impresores)
300 _a55 p. ;
_c24 cm.
650 7 _aNacionalismo
_2embne
_915438
852 _aES-MaACL
_jG-10010
_z-- Enc. hol.
_x-- Edic.: Añadir subtit.: "Discurso leído por el autor en la Universidad Compostelana en la inauguración del curso académico de 1887 á 1888
999 _c160237
_d160237